Автоматизированное рабочее место врача-невролога, специализирующего на лечении и диагностике пациентов с экстрапирамидными расстройствами; Современные техника и технологии; Т. 2
| Parent link: | Современные техника и технологии: сборник трудов XVI Международной научно-практической конференции студентов, аспирантов и молодых ученых, Томск, 12-16 апреля 2010 г/ Национальный исследовательский Томский политехнический университет (ТПУ).— , 2010 Т. 2.— 2010.— [С. 91-93] |
|---|---|
| Main Author: | |
| Other Authors: | |
| Summary: | Заглавие с титульного листа Электронная версия печатной публикации |
| Language: | Russian |
| Published: |
2010
|
| Subjects: | |
| Online Access: | http://www.lib.tpu.ru/fulltext/c/2010/C01/V2/039.pdf |
| Format: | MixedMaterials Electronic Book Chapter |
| KOHA link: | https://koha.lib.tpu.ru/cgi-bin/koha/opac-detail.pl?biblionumber=232680 |
MARC
| LEADER | 00000nla2a2200000 4500 | ||
|---|---|---|---|
| 001 | 232680 | ||
| 005 | 20231031203407.0 | ||
| 035 | |a (RuTPU)RU\TPU\book\253733 | ||
| 035 | |a RU\TPU\book\253725 | ||
| 090 | |a 232680 | ||
| 100 | |a 20130218d2010 k y0rusy50 ca | ||
| 101 | 0 | |a rus | |
| 102 | |a RU | ||
| 105 | |a y z 101zy | ||
| 135 | |a drnn ---uucaa | ||
| 181 | 0 | |a i | |
| 182 | 0 | |a b | |
| 200 | 1 | |a Автоматизированное рабочее место врача-невролога, специализирующего на лечении и диагностике пациентов с экстрапирамидными расстройствами |b Электронный ресурс |f Е. С. Юровская |g науч. рук. И. А. Жукова | |
| 203 | |a Текст |c электронный | ||
| 215 | |a 1 файл (179 Кб) | ||
| 230 | |a Электронные текстовые данные (1 файл : 179 Кб) | ||
| 300 | |a Заглавие с титульного листа | ||
| 300 | |a Электронная версия печатной публикации | ||
| 337 | |a Adobe Reader | ||
| 461 | 0 | |0 (RuTPU)RU\TPU\book\245271 |t Современные техника и технологии |o сборник трудов XVI Международной научно-практической конференции студентов, аспирантов и молодых ученых, Томск, 12-16 апреля 2010 г |o в 3 т. |f Национальный исследовательский Томский политехнический университет (ТПУ) |d 2010 | |
| 463 | 0 | |0 (RuTPU)RU\TPU\book\250479 |t Т. 2 |v [С. 91-93] |d 2010 |p [426 с.] | |
| 610 | 1 | |a электронный ресурс | |
| 610 | 1 | |a врачи | |
| 610 | 1 | |a неврология | |
| 610 | 1 | |a автоматизированные рабочие места | |
| 610 | 1 | |a АРМ | |
| 610 | 1 | |a лечение | |
| 610 | 1 | |a диагностика | |
| 610 | 1 | |a медицинская информация | |
| 610 | 1 | |a информационные технологии | |
| 610 | 1 | |a практическая работа | |
| 610 | 1 | |a моделирование | |
| 610 | 1 | |a программное оснащение | |
| 610 | 1 | |a языки программирования | |
| 610 | 1 | |a UML | |
| 700 | 1 | |a Юровская |b Е. С. | |
| 702 | 1 | |a Жукова |b И. А. |4 727 | |
| 801 | 1 | |a RU |b 63413507 |c 20130213 | |
| 801 | 2 | |a RU |b 63413507 |c 20130506 |g RCR | |
| 856 | 4 | |u http://www.lib.tpu.ru/fulltext/c/2010/C01/V2/039.pdf | |
| 942 | |c CF | ||